Formulario notarial y judicial andalusí / (Record no. 17893)

MARC details
000 -LEADER
campo de control de longitud fija 00858nam a2200229 i 4500
001 - NÚMERO DE CONTROL
campo de control 17893
003 - IDENTIFICADOR DE NÚMERO DE CONTROL
campo de control ES-MaACL
005 - FECHA Y HORA DE LA ÚLTIMA TRANSACCIÓN
campo de control 20230906151716.0
007 - CAMPO FIJO DE DESCRIPCIÓN FÍSICA--INFORMACIÓN GENERAL
campo de control de longitud fija t|
008 - DATOS DE LONGITUD FIJA--INFORMACIÓN GENERAL
campo de control de longitud fija 010615s2000 sp ||||1| spa d
020 ## - NÚMERO INTERNACIONAL ESTÁNDAR DEL LIBRO
Número Internacional Estándar del Libro 84-699-2728-0
080 ## - NÚMERO DE LA CLASIFICACIÓN DECIMAL UNIVERSAL
Número de la Clasificación Decimal Universal 347.961(460=927)(083.2)
100 1# - ENTRADA PRINCIPAL--NOMBRE DE PERSONA
Nombre de persona Ibn al-'Attar.
9 (RLIN) 64998
245 10 - MENCIÓN DEL TÍTULO
Título Formulario notarial y judicial andalusí /
Mención de responsabilidad, etc. del alfaquí y notario cordobés m. 399/1009 Ibn al-'Attar ; introducción, estudio y traducción anotada: Pedro Chalmeta y Marina Marugán.
260 ## - PUBLICACIÓN, DISTRIBUCIÓN, ETC.
Lugar de publicación, distribución, etc. Madrid :
Nombre del editor, distribuidor, etc. Fundación Matritense del Notariado,
Fecha de publicación, distribución, etc. 2000.
300 ## - DESCRIPCIÓN FÍSICA
Extensión XX, 1040 p. ;
Dimensiones 24 cm.
650 14 - PUNTO DE ACCESO ADICIONAL DE MATERIA--TÉRMINO DE MATERIA
Término de materia o nombre geográfico como elemento de entrada Notariado-
Subdivisión geográfica Al-Andalus-
Subdivisión de forma Formularios.
9 (RLIN) 15598
700 1# - ENTRADA AGREGADA--NOMBRE PERSONAL
Nombre de persona Chalmeta, Pedro.
9 (RLIN) 37830
700 1# - ENTRADA AGREGADA--NOMBRE PERSONAL
Nombre de persona Marugán, Marina.
9 (RLIN) 78572
710 2# - ENTRADA AGREGADA--NOMBRE DE ENTIDAD CORPORATIVA
Nombre de entidad corporativa o nombre de jurisdicción como elemento de entrada Fundación Matritense del Notariado.
9 (RLIN) 4366
852 ## - LOCALIZACIÓN
Ubicación ES-MaACL
Número de control de estantería L-24725
Sublocalización o colección R.129856
Holdings
Estatus retirado Estado de pérdida Estado de daño No para préstamo Biblioteca de origen Biblioteca actual Ubicación en estantería Fecha de adquisición Fuente de adquisición Total de préstamos Signatura topográfica completa Código de barras Visto por última vez Precio de reemplazo Tipo de ítem Koha
        Biblioteca del Ateneo de Madrid Biblioteca del Ateneo de Madrid Depósito 2 17/01/2008     L-24725 1018274 23/02/2023 23/02/2023 Libro impreso